000 00469nam a2200157 i 4500
001 37849
003 ES-MaACL
005 20230906155643.0
007 t|
008 030224s1972 sp ||||1| spa d
100 1 _aCagigal, José María (
_qCagigal Gutiérrez)
_933423
245 1 0 _aDeporte, pulso de nuestro tiempo /
_cJosé María Cagigal.
260 _a[Madrid] :
_bEd. Nacional,
_c[1972]
300 _aXVI, 238 p. ;
_c22 cm.
852 _aES-MaACL
_jC-46257
_bR.83447
999 _c37849
_d37849